| 000 | 00956cab a2200253 4500 | ||
|---|---|---|---|
| 001 | WB3301-66 | ||
| 008 | 090401t1996 xxu||||| |||| 00| 0 eng d | ||
| 035 | _a(Sirsi) u13237 | ||
| 041 | _aeng | ||
| 245 | _aBad payment record | ||
| 260 | _c1996 | ||
| 350 | _a0 | ||
| 490 |
_aTimes _v31 December 1996, 28(1) |
||
| 520 | _a"National Home Loans Corporation plc v Giffen Couch & Archer" QBD 6 December 1996. A solicitor instructed by both a lender and a borrower on a remortgage was under duty to inform the lender if he discovered that the borrower had a poor repayment record with a previous lender. Claim by plaintiff allowed. | ||
| 650 | _aCONVEYANCING | ||
| 650 | _aDUTY OF CARE | ||
| 650 | _aDUTY TO INFORM | ||
| 650 | _aMORTGAGE ARREARS | ||
| 650 | _aNATIONAL HOME LOANS CORPORATION V GIFFEN COUCH & ARCHER | ||
| 650 | _aSOLICITORS | ||
| 690 | _aMANAGEMENT-BUSINESS MANAGEMENT-PROFESSIONAL PRACTICE | ||
| 942 | _n0 | ||
| 948 | _c04/03/1997 | ||
| 999 |
_c8524 _d8524 |
||